MARC

LEADER 00000nam0a2200000 4500
001 306295
005 20231102001900.0
035 |a (RuTPU)RU\TPU\book\331572 
090 |a 306295 
100 |a 20151005d1983 m y0rusy50 ca 
101 0 |a rus 
102 |a RU 
105 |a a z 000zy 
200 1 |a Лондонский дневник  |f В. Н. Ларин 
210 |a Москва  |c Политиздат  |d 1983 
215 |a 223 с.  |c ил. 
606 1 |a Великобритания  |x Политика  |2 stltpush  |3 (RuTPU)RU\TPU\subj\71369  |9 85314 
610 1 |a Великобритания 
610 1 |a внутренняя политика 
610 1 |a внешняя политика 
610 1 |a дипломатия 
610 1 |a политические партии 
610 1 |a образ жизни 
610 1 |a Лондон 
610 1 |a публицистика 
610 1 |a 20 век 
686 |a Ф3(4Вл)  |v LBC/SL-A  |2 rubbk 
700 1 |a Ларин  |b В. Н.  |g Владимир Николаевич 
801 1 |a RU  |b 63413507  |c 20151005 
801 2 |a RU  |b 63413507  |c 20190514  |g RCR 
942 |c BK